[Event "Kandidatklassen"]
[Site "Svendborg"]
[Date "2019.04.20"]
[Round "5"]
[White "Jorgensen, Brian Jorgen"]
[Black "Kristensen, Bjarke Hautop"]
[Result "1/2-1/2"]
[WhiteElo "2261"]
[BlackElo "2211"]
[EventDate "2019.04.16"]
[EventRounds "7"]
[EventCountry "DEN"]
[WhiteFideId "1401548"]
[BlackFideId "1437747"]

1. c4 g6 2. e4 Bg7 3. d4 d6 4. Nc3 Nf6 5. Nf3 O-O 6. Be2 e5 7. d5 a5 8. Bg5 h6 9. Bh4 Na6 10. Nd2 Qd7 11. h3 Nh7 12. g4 f5 13. gxf5 gxf5 14. exf5 Qxf5 15. Nde4 Ng5 16. Bxg5 hxg5 17. Bg4 Qf4 18. Qe2 Bf5 19. Rg1 Nc5 20. Bxf5 Rxf5 21. Rg4 Qf3 22. Nxc5 dxc5 23. Qxf3 Rxf3 24. Ne4 Raf8 25. O-O-O R8f4 26. Nxc5 Rxf2 27. Ne6 Rxg4 28. hxg4 e4 29. Nxg7 Kxg7 30. Rd4 Rf4 31. c5 Kf7 32. c6 bxc6 33. dxc6 Ke6 34. Rd7 e3 35. Kd1 Rxg4 36. Rxc7 Kd6 37. Ra7 Kxc6 38. Rxa5 Rg1+ 39. Ke2 Rg2+  1/2-1/2

[Event "Kandidatklassen"]
[Site "Svendborg"]
[Date "2019.04.20"]
[Round "5"]
[White "Rewitz, Poul"]
[Black "Christensen, Tobias"]
[Result "0-1"]
[WhiteElo "2212"]
[BlackElo "2348"]
[EventDate "2019.04.16"]
[EventRounds "7"]
[EventCountry "DEN"]
[WhiteFideId "1401033"]
[BlackFideId "1400673"]

1. e4 e6 2. Nf3 d5 3. e5 Ne7 4. d4 c5 5. c3 Nbc6 6. Bd3 Bd7 7. O-O Qb6 8. dxc5 Qxc5 9. b4 Qb6 10. b5 Na5 11. Be3 Qc7 12. a4 Ng6 13. Nbd2 Qxc3 14. Qe2 Rc8 15. g3 Nxe5 16. Nxe5 Qxe5 17. Nf3 Qh5 18. Bxa7 Bd6 19. Bd4 O-O 20. Ne5 Qxe2 21. Bxe2 Be8 22. Rab1 f6 23. Nd3 Bg6 24. f4 Rc4 25. Bb6 Rxa4 26. f5 Bxf5 27. Rxf5 exf5 28. Bf3 Nc4 29. Bxd5+ Kh8 30. Bf2 Rfa8 31. Kg2 Ne5 32. Nb2 Ra1 33. Rxa1 Rxa1 34. Bxb7 Ra2 35. Nd1 Rd2  0-1

[Event "Kandidatklassen"]
[Site "Svendborg"]
[Date "2019.04.20"]
[Round "5"]
[White "Nordenbaek, Jan"]
[Black "Heimisson, Hilmir Freyr"]
[Result "1/2-1/2"]
[WhiteElo "2214"]
[BlackElo "2299"]
[EventDate "2019.04.16"]
[EventRounds "7"]
[EventCountry "DEN"]
[WhiteFideId "1401475"]
[BlackFideId "2309998"]

1. e4 e5 2. Nf3 Nc6 3. Bc4 Nf6 4. d3 Bc5 5. c3 O-O 6. O-O d5 7. exd5 Nxd5 8. Bg5 f6 9. Be3 Bxe3 10. fxe3 Kh8 11. Qe2 Bg4 12. h3 Bh5 13. g4 Bf7 14. Bb3 Qd7 15. Nh4 Nde7 16. Bc2 b5 17. Nd2 b4 18. c4 Nd8 19. Rf2 Ne6 20. Ne4 Bg8 21. Raf1 Rfd8 22. Nf5 Nc8 23. Qf3 Nd6 24. Nfg3 Nxe4 25. Nxe4 Qc6 26. g5 fxg5 27. Qf5 Re8 28. Nf6 Nd4 29. exd4 Qxf6 30. Qxf6 gxf6 31. d5 Bf7 32. Rxf6 Bg6 33. Rc6 Re7 34. Rff6 Rb8 35. Kf2 Rb6 36. Ke3 Be8 37. Rxb6 axb6 38. d6 cxd6 39. Rxd6 Bd7 40. Rxb6 Bxh3 41. c5 Kg7 42. Bb3 Bc8 43. Bd5 g4 44. Kf2 h5 45. Kg3 Bf5 46. Be4 Bxe4 47. dxe4 Rc7 48. Rxb4 Rxc5 49. Kh4 Rc2 50. Kxh5 g3 51. Rb3 g2 52. Rg3+ Kf6 53. b3 Rxa2 54. Kg4 Rb2 55. Rf3+ Ke6 56. Rg3 Kd6 57. Kf3 Rxb3+ 58. Kxg2 Rxg3+ 59. Kxg3 Kc5 60. Kf3 Kd4 61. Kf2 Kxe4  1/2-1/2

[Event "Kandidatklassen"]
[Site "Svendborg"]
[Date "2019.04.20"]
[Round "5"]
[White "Guindy, Esmat Susanne"]
[Black "Moe, Mogens"]
[Result "1-0"]
[WhiteElo "2144"]
[BlackElo "2140"]
[EventDate "2019.04.16"]
[EventRounds "7"]
[EventCountry "DEN"]
[WhiteFideId "1401637"]
[BlackFideId "1400550"]

1. c4 Nf6 2. g3 g6 3. Bg2 d5 4. cxd5 Nxd5 5. Nf3 Bg7 6. O-O O-O 7. Nc3 Nxc3 8. dxc3 Nc6 9. Qa4 e5 10. Be3 Kh8 11. Rfd1 Qe7 12. b4 Re8 13. Bc5 Qf6 14. b5 Ne7 15. Nd2 Qe6 16. Ne4 h6 17. b6 Nc6 18. bxc7 Bf8 19. Nd6 Bd7 20. Bd5 Qf6 21. Nxe8 Rxe8 22. Bxf8 Rxf8 23. Qb3 b6 24. Bxc6 Qxc6 25. Qd5 Qxd5 26. Rxd5 Be6 27. Rd8 Kg7 28. Rdd1  1-0

[Event "Kandidatklassen"]
[Site "Svendborg"]
[Date "2019.04.20"]
[Round "5"]
[White "Vasova, Maria"]
[Black "Thybo, Thomas Sondergaard"]
[Result "1/2-1/2"]
[WhiteElo "2124"]
[BlackElo "2136"]
[EventDate "2019.04.16"]
[EventRounds "7"]
[EventCountry "DEN"]
[WhiteFideId "2900955"]
[BlackFideId "1441299"]

1. Nf3 d5 2. g3 h5 3. Bg2 h4 4. Nxh4 e5 5. d3 Nc6 6. Nc3 Be6 7. e4 d4 8. Nd5 Nge7 9. Nxe7 Bxe7 10. Nf5 Bf6 11. g4 g6 12. Ng3 Qd7 13. h3 O-O-O 14. Bd2 Qd6 15. a3 Bh4 16. O-O Rdg8 17. Qf3 Qd7 18. b4 Ne7 19. c4 c6 20. b5 c5 21. Rfe1 Rf8 22. a4 f6 23. a5 Kd8 24. a6 b6 25. Qe2 Nc8 26. Ra2 Nd6 27. Rb2 Qg7 28. Kh2 Qh7 29. Rh1 Qg7 30. Re1 Nf7 31. f4 Qh7 32. f5 Bd7 33. Rh1 Bxg3+ 34. Kxg3 g5 35. Be1 Qg7 36. Kf3 Rh6 37. Bg3 Rfh8 38. Kf2 Rh4 39. Ke1 Kc7 40. Kd1 Qf8 41. Kc2  1/2-1/2

[Event "Kandidatklassen"]
[Site "Svendborg"]
[Date "2019.04.20"]
[Round "5"]
[White "Thorsbro, Peter"]
[Black "Christensen, Lars"]
[Result "1/2-1/2"]
[WhiteElo "2116"]
[BlackElo "2042"]
[EventDate "2019.04.16"]
[EventRounds "7"]
[EventCountry "DEN"]
[WhiteFideId "1406671"]
[BlackFideId "1423240"]

1. d4 Nf6 2. c4 c5 3. d5 b5 4. cxb5 Bb7 5. Nc3 e6 6. e4 Qa5 7. Bd2 Qb6 8. Bc4 Nxe4 9. Nf3 Nxc3 10. Bxc3 exd5 11. Bxd5 Bxd5 12. Qxd5 Qe6+ 13. Qxe6+ dxe6 14. O-O-O Nd7 15. Ne5 Nxe5 16. Bxe5 f6 17. Bd6 O-O-O 18. Bxf8 Rhxf8 19. Kc2 Kc7 20. Rxd8 Rxd8 21. Re1 e5 22. a4 Rd4 23. b3 Kb6 24. Kc3 a6 25. bxa6 Kxa6 26. Re3 Kb6 27. Rg3 Rd7 28. h4 h5 29. Rf3 Rd6 30. Rg3 Rd7 31. Rg6 Kc6 32. g4 hxg4 33. h5 Kd5 34. Rxg4 Kc6 35. Rg1 Rb7 36. Rg6 Kd5 37. Rg3 e4 38. Rg1 Re7 39. Rd1+ Kc6 40. Kd2 Rb7 41. Rb1 Kd5 42. Kc3 f5 43. Rd1+ Ke5 44. Rg1 Kd5 45. Rg5 Ke5 46. Kc4 Rb4+ 47. Kxc5 Rxb3 48. Rxg7 Rh3 49. Rh7 Kf4 50. a5 Rh2 51. a6 Rxf2 52. Rg7 Ra2 53. Kb6 e3 54. h6 Rh2 55. h7 e2 56. Re7 Rxh7 57. Rxe2 Kf3 58. Ra2 Rh8 59. a7 f4 60. a8=Q+ Rxa8 61. Rxa8 Ke3 62. Kc5 f3 63. Ra3+ Ke4 64. Ra4+ Ke3 65. Kd5 f2 66. Ra1 Ke2 67. Ke4 f1=Q 68. Ra2+ Kd1 69. Ra1+ Ke2  1/2-1/2

[Event "Kandidatklassen"]
[Site "Svendborg"]
[Date "2019.04.20"]
[Round "5"]
[White "Le Besq, Alexander"]
[Black "Nilssen, Ellen Fredericia"]
[Result "1-0"]
[WhiteElo "2142"]
[BlackElo "2048"]
[EventDate "2019.04.16"]
[EventRounds "7"]
[EventCountry "DEN"]
[WhiteFideId "1437089"]
[BlackFideId "1441230"]

1. e4 e6 2. b3 d5 3. Bb2 Nf6 4. e5 Nfd7 5. f4 c5 6. Nc3 a6 7. Qg4 Nc6 8. Nf3 Qe7 9. O-O-O b6 10. Re1 Kd8 11. g3 Kc7 12. Bg2 Kb8 13. Rhf1 g6 14. Qg5 h6 15. Qxe7 Nxe7 16. Nh4 Rg8 17. g4 Bb7 18. Ne2 Kc7 19. Ng3 Bg7 20. f5 g5 21. Nf3 Nc6 22. f6 Bf8 23. Nh5 b5 24. Kb1 a5 25. d4 Ba6 26. Rh1 a4 27. h4 gxh4 28. Rxh4 axb3 29. axb3 c4 30. Nf4 Na5 31. Nd2 b4 32. Nxd5+ exd5 33. Bxd5 c3 34. Bxa8 cxd2 35. Rd1 Be2 36. Rxd2 Rxg4 37. Rxg4 Bxg4 38. Bd5 Be6 39. Be4 h5 40. d5 Bg4 41. d6+ Kc8 42. Bd5 Bh6 43. Rf2 Be3 44. Rf1 Nf8 45. Bxf7 Nc6 46. Re1 Bd2 47. e6 Bxe1 48. e7 Nd8 49. exf8=Q  1-0

[Event "Kandidatklassen"]
[Site "Svendborg"]
[Date "2019.04.20"]
[Round "5"]
[White "Easwaralingam, Adesh"]
[Black "Hoyer, Jacob K"]
[Result "0-1"]
[WhiteElo "2113"]
[BlackElo "2201"]
[EventDate "2019.04.16"]
[EventRounds "7"]
[EventCountry "DEN"]
[WhiteFideId "1448552"]
[BlackFideId "1416316"]

1. e4 c5 2. Nf3 Nc6 3. Bb5 g6 4. Bxc6 bxc6 5. d3 Bg7 6. Nbd2 Nh6 7. e5 O-O 8. O-O f6 9. exf6 exf6 10. d4 cxd4 11. Nxd4 Re8 12. N2b3 Qc7 13. Re1 Ba6 14. Be3 c5 15. Nf3 d6 16. Bxh6 Bxh6 17. Qd5+ Kh8 18. Re6 Rxe6 19. Qxe6 Bg7 20. Re1 Bb5 21. Qe7 Qxe7 22. Rxe7 Kg8 23. Nbd2 f5 24. c4 Be8 25. Rb7 a5 26. Ng5 Bf6 27. Ngf3 a4 28. Rb6 Be7 29. Nb1 Bf7 30. Nfd2 d5 31. cxd5 Bxd5 32. Nc3 Bf7 33. Kf1 Kg7 34. Ke2 Bf6 35. Ndb1 Bd4 36. Rd6 Bc4+ 37. Kf3 g5  0-1

[Event "Kandidatklassen"]
[Site "Svendborg"]
[Date "2019.04.20"]
[Round "5"]
[White "Stolberg-Rohr, Thomine"]
[Black "Nord, Michael"]
[Result "1/2-1/2"]
[WhiteElo "2039"]
[BlackElo "2066"]
[EventDate "2019.04.16"]
[EventRounds "7"]
[EventCountry "DEN"]
[WhiteFideId "1504258"]
[BlackFideId "1433784"]

1. e4 e6 2. d4 d5 3. Nc3 Nc6 4. e5 f6 5. Bb5 Bd7 6. Nf3 Qe7 7. O-O Qf7 8. Re1 Nge7 9. b4 O-O-O 10. Bxc6 Nxc6 11. b5 Na5 12. Rb1 Nc4 13. Qe2 Qh5 14. Qd3 fxe5 15. dxe5 Be7 16. Be3 b6 17. Nxd5 exd5 18. Qxd5 Kb8 19. Qxc4 Qg6 20. Nd4 Kb7 21. e6 Be8 22. Nc6 Bxc6 23. Qxc6+ Kb8 24. Bf4 Rc8 25. Rbd1 Rhf8 26. Bg3 Rf5 27. Qd7 Qf6 28. Rd3 h5 29. h4 g5 30. Qd4 Qf8 31. Qe4 gxh4 32. Bh2 Rxf2 33. Rf3 Rxf3 34. Qxf3 Qh6 35. Bf4 Qg6 36. Qe4 Qg4 37. Qf3 Qg6 38. Qe4 Qg4 39. Be5 Qg5 40. Bf4 Qg4  1/2-1/2

[Event "Kandidatklassen"]
[Site "Svendborg"]
[Date "2019.04.20"]
[Round "5"]
[White "Lilja, Richard"]
[Black "Jepsen, Thomas Stausholm"]
[Result "1-0"]
[WhiteElo "2065"]
[BlackElo "2155"]
[EventDate "2019.04.16"]
[EventRounds "7"]
[EventCountry "DEN"]
[WhiteFideId "1403109"]
[BlackFideId "1403273"]

1. e4 d6 2. d4 Nf6 3. Nc3 c6 4. f4 Qa5 5. Bd2 e5 6. dxe5 dxe5 7. fxe5 Ng4 8. Qf3 Bc5 9. Nb5 Qb6 10. Nd6+ Bxd6 11. exd6 Qxb2 12. Bc3 Qb6 13. h3 Ne3 14. Bd3 Be6 15. Ne2 O-O 16. Nd4 Qc5 17. Qxe3 Qxc3+ 18. Ke2 Bc4 19. Rab1 c5 20. Nf5 Qxc2+ 21. Kf3 Qxd3 22. Qxd3 Bxd3 23. Rxb7 Nc6 24. Ke3 c4 25. Rc7 Ne5 26. Kd4 Ng6 27. h4 Rfe8 28. Re1 Nf4 29. Ne7+ Kf8 30. Kc3 Nxg2 31. Rg1 Bxe4 32. Rxc4 f5 33. Rxe4 Rec8+ 34. Nxc8 Rxc8+ 35. Rc4 Rxc4+ 36. Kxc4 Ne3+ 37. Kc5 g6 38. Rb1 Ke8 39. Kc6 Nc4 40. d7+ Ke7 41. Re1+  1-0

[Event "Kandidatklassen"]
[Site "Svendborg"]
[Date "2019.04.22"]
[Round "7"]
[White "Brondt, Nicolai Kvist"]
[Black "Heimisson, Hilmir Freyr"]
[Result "0-1"]
[WhiteElo "2307"]
[BlackElo "2299"]
[EventDate "2019.04.16"]
[EventRounds "7"]
[EventCountry "DEN"]
[WhiteFideId "1413848"]
[BlackFideId "2309998"]

1. d4 Nf6 2. Nf3 e6 3. c4 c5 4. Nc3 cxd4 5. Nxd4 Nc6 6. Bg5 Bb4 7. Ndb5 a6 8. Nd6+ Ke7 9. Nde4 d5 10. Nd2 Qa5 11. cxd5 exd5 12. e3 d4 13. Bxf6+ gxf6 14. exd4 Nxd4 15. Be2 Be6 16. O-O Rad8 17. a3 Bxc3 18. bxc3 Qxc3 19. Ne4 Qb3 20. Bd3 Qxd1 21. Rfxd1 Nb3 22. Rab1 Rc8 23. Nd2 Nc5 24. Ne4 b5 25. Nxc5 Rxc5 26. a4 Rd8 27. axb5 axb5 28. Bxh7 Rxd1+ 29. Rxd1 f5 30. f3 Kf6 31. g4 fxg4 32. Kf2 Rh5 33. Bd3 Rxh2+ 34. Ke3 Rh5 35. Rb1 Rh3 36. Bxb5 Rxf3+ 37. Ke2 Ra3 38. Kf2 Kg5 39. Rc1 f5 40. Rc5 Kf4 41. Rc2 Bd5 42. Bf1 Be4 43. Rb2 Ra1 44. Rb8 g3+ 45. Kg1 g2  0-1

[Event "Kandidatklassen"]
[Site "Svendborg"]
[Date "2019.04.22"]
[Round "7"]
[White "Pedersen, Steffen"]
[Black "Christensen, Tobias"]
[Result "1-0"]
[WhiteElo "2322"]
[BlackElo "2348"]
[EventDate "2019.04.16"]
[EventRounds "7"]
[EventCountry "DEN"]
[WhiteFideId "1401491"]
[BlackFideId "1400673"]

1. d4 g6 2. c4 Bg7 3. e4 d6 4. Nf3 Nf6 5. Nc3 O-O 6. Be2 e5 7. O-O Nc6 8. d5 Ne7 9. b4 Ne8 10. Nd2 f5 11. f3 f4 12. c5 g5 13. Nc4 Ng6 14. a4 Rf7 15. a5 h5 16. c6 Bf8 17. cxb7 Bxb7 18. a6 Bc8 19. Na5 g4 20. fxg4 Qg5 21. gxh5 Bh3 22. g3 Nh4 23. Ra3 Qg7 24. Nb1 Nf6 25. Nd2 Ng2 26. Nac4 Rb8 27. Rf2 Nh4 28. Kh1 f3 29. Bxf3 Nxf3 30. Qxf3 Bg4 31. Qg2 Rxb4 32. Ne3 Bxh5 33. g4 Bg6 34. Nf5 Bxf5 35. Rxf5 Nxe4 36. Nxe4 Rxf5 37. gxf5 Qxg2+ 38. Kxg2 Rxe4 39. Be3 c5 40. dxc6 d5 41. Rc3 Bd6 42. Bxa7 Bc7 43. Bb8 d4 44. Rg3+  1-0

[Event "Kandidatklassen"]
[Site "Svendborg"]
[Date "2019.04.22"]
[Round "7"]
[White "Nielsen, Viktor Haarmark"]
[Black "Liu, Casper Yukun"]
[Result "1-0"]
[WhiteElo "2288"]
[BlackElo "2174"]
[EventDate "2019.04.16"]
[EventRounds "7"]
[EventCountry "DEN"]
[WhiteFideId "1444492"]
[BlackFideId "1454153"]

1. e4 d5 2. exd5 Nf6 3. d4 Bg4 4. Be2 Bxe2 5. Qxe2 Qxd5 6. Nf3 Qh5 7. Ne5 Qxe2+ 8. Kxe2 Nfd7 9. Nf3 Nc6 10. Bf4 Rc8 11. Bg3 e6 12. Nbd2 Nb6 13. a4 a5 14. c3 Bd6 15. Ne4 Bxg3 16. hxg3 Nc4 17. g4 b6 18. g5 e5 19. dxe5 Nxb2 20. Rhb1 Nc4 21. Rb5 Rd8 22. Ned2 Nxd2 23. Nxd2 O-O 24. f4 Rd7 25. Ne4 Rfd8 26. Rbb1 Nb8 27. Rh1 Na6 28. Rh3 Nc5 29. Nxc5 Rd2+ 30. Ke3 bxc5 31. Rb1 g6 32. Rb8 Rxb8 33. Kxd2 Rb2+ 34. Kd3 Ra2 35. g3 Rxa4 36. Rh1 Ra2 37. Kc4 Rg2 38. Ra1 Rxg3 39. Rxa5 Rg4 40. Kxc5 Rxf4 41. c4 Rg4 42. Kd5 Rxg5 43. Kc6 f6 44. Kxc7 Rxe5 45. c5 g5 46. Kd6 Kf7 47. Ra7+ Kg6 48. Re7 Rxc5 49. Kxc5 h5 50. Kd4 Kf5 51. Rf7 g4 52. Ke3 Kg5 53. Rg7+ Kh4 54. Kf4 Kh3 55. Rh7 h4 56. Rh6 g3 57. Kf3 f5 58. Rh7 f4 59. Rh8 g2 60. Rg8 Kh2 61. Rxg2+ Kh1 62. Ra2 h3 63. Kxf4  1-0

[Event "Kandidatklassen"]
[Site "Svendborg"]
[Date "2019.04.22"]
[Round "7"]
[White "Rewitz, Poul"]
[Black "Nordenbaek, Jan"]
[Result "0-1"]
[WhiteElo "2212"]
[BlackElo "2214"]
[EventDate "2019.04.16"]
[EventRounds "7"]
[EventCountry "DEN"]
[WhiteFideId "1401033"]
[BlackFideId "1401475"]

1. g3 d5 2. Bg2 c6 3. f4 g6 4. Nf3 Bg7 5. c3 Qb6 6. d4 Nf6 7. O-O O-O 8. Nbd2 c5 9. e3 Nc6 10. a4 Bf5 11. Ne5 cxd4 12. exd4 Rac8 13. Re1 Rfe8 14. h3 h5 15. Kh2 Qc7 16. Bf3 Bh6 17. Kg2 Bd7 18. Nf1 Bg7 19. g4 hxg4 20. hxg4 Ne4 21. Bxe4 Nxe5 22. Bxd5 Nxg4 23. Bf3 Nh6 24. Ng3 b6 25. Be3 Rcd8 26. Rh1 Bc8 27. Qb3 Ng4 28. Bd2 Bb7 29. d5 Nf6 30. c4 e6 31. Rac1 Qd7 32. Bc3 exd5 33. Rhd1 dxc4 34. Rxd7 Bxf3+ 35. Kxf3 cxb3 36. Rxa7 Rd3+ 37. Kg2 Nd5 38. Be5 Bxe5 39. fxe5 Rxe5 40. Rc8+ Kg7 41. Raa8 Rg5  0-1

[Event "Kandidatklassen"]
[Site "Svendborg"]
[Date "2019.04.22"]
[Round "7"]
[White "Moe, Mogens"]
[Black "Hoyer, Jacob K"]
[Result "1/2-1/2"]
[WhiteElo "2140"]
[BlackElo "2201"]
[EventDate "2019.04.16"]
[EventRounds "7"]
[EventCountry "DEN"]
[WhiteFideId "1400550"]
[BlackFideId "1416316"]

1. e4 c5 2. Nf3 d6 3. d4 cxd4 4. Nxd4 Nf6 5. Nc3 e6 6. Bc4 Be7 7. O-O O-O 8. Qe2 a6 9. a4 Qc7 10. Bg5 Nc6 11. Rad1 Nxd4 12. Rxd4 Qb6 13. Rd3 Qxb2 14. Bb3 Qa3 15. e5 dxe5 16. Bxf6 Bxf6 17. Ne4 Qe7 18. Nxf6+ Qxf6 19. Rf3 Qg5 20. Rg3 Qf5 21. Rf3 Qh5 22. Rd1 f6 23. Rd6 Re8 24. Qd2 b5 25. Rh3 Qf7 26. a5 Ra7 27. Rc3 Rc7 28. Rcd3 g6 29. h4 Kg7 30. Qe3 Rd7 31. Qb6 Rxd6 32. Rxd6 Re7 33. Rc6 Qe8 34. Rd6 Rd7 35. Rc6 Re7 36. Rd6 Qg8 37. Rd8 Re8 38. Qc7+ Kh8 39. Rd6 Qf8 40. Qb6 Qe7 41. Rc6 f5 42. Rc7 Qxh4 43. Ra7 Qd4 44. Qc7 Qd1+ 45. Kh2  1/2-1/2

[Event "Kandidatklassen"]
[Site "Svendborg"]
[Date "2019.04.22"]
[Round "7"]
[White "Guindy, Esmat Susanne"]
[Black "Kristensen, Bjarke Hautop"]
[Result "0-1"]
[WhiteElo "2144"]
[BlackElo "2211"]
[EventDate "2019.04.16"]
[EventRounds "7"]
[EventCountry "DEN"]
[WhiteFideId "1401637"]
[BlackFideId "1437747"]

1. d4 Nf6 2. Nf3 g6 3. g3 Bg7 4. Bg2 O-O 5. c4 d6 6. O-O Nc6 7. Nc3 Rb8 8. b3 a6 9. Bb2 b5 10. d5 Na5 11. cxb5 axb5 12. e3 Bb7 13. Nxb5 Bxd5 14. Nc3 Bc4 15. Re1 c5 16. e4 e5 17. Rb1 Be6 18. Bc1 h6 19. Be3 Nc6 20. Nd2 Nd4 21. Nd5 Nxd5 22. exd5 Bc8 23. Nc4 f5 24. f4 e4 25. b4 Ba6 26. Na5 Bd3 27. Rc1 Rxb4 28. Nc6 Nxc6 29. dxc6 Qc7 30. Kh1 Rfb8 31. Bd2 Rb2 32. Bc3 Rxa2 33. Bxg7 Qxg7 34. Ra1 Rxa1 35. Qxa1 Qxa1 36. Rxa1 Rc8 37. Rd1 Kf7  0-1

[Event "Kandidatklassen"]
[Site "Svendborg"]
[Date "2019.04.22"]
[Round "7"]
[White "Vasova, Maria"]
[Black "Jepsen, Thomas Stausholm"]
[Result "1-0"]
[WhiteElo "2124"]
[BlackElo "2155"]
[EventDate "2019.04.16"]
[EventRounds "7"]
[EventCountry "DEN"]
[WhiteFideId "2900955"]
[BlackFideId "1403273"]

1. e4 d6 2. d4 Nf6 3. Nc3 c6 4. Nf3 Bg4 5. h3 Bh5 6. Be3 e6 7. a4 Qa5 8. Qd2 Bxf3 9. gxf3 Nbd7 10. f4 e5 11. Bc4 b5 12. Bd3 b4 13. Ne2 Be7 14. b3 Rc8 15. f3 a6 16. Rg1 g6 17. O-O-O c5 18. dxe5 dxe5 19. Rg5 c4 20. Bxc4 Rxc4 21. bxc4 Qxa4 22. Qd3 O-O 23. Qb3 Qa5 24. fxe5 Nxe5 25. Bd4 Nfd7 26. Rxe5 Nxe5 27. Bb2 Qc7 28. Nf4 Nxc4 29. Nd5 Bg5+ 30. f4 Na5 31. Qf3 Bxf4+ 32. Kb1 Qc4 33. Ne7#  1-0

[Event "Kandidatklassen"]
[Site "Svendborg"]
[Date "2019.04.22"]
[Round "7"]
[White "Le Besq, Alexander"]
[Black "Nord, Michael"]
[Result "1-0"]
[WhiteElo "2142"]
[BlackElo "2066"]
[EventDate "2019.04.16"]
[EventRounds "7"]
[EventCountry "DEN"]
[WhiteFideId "1437089"]
[BlackFideId "1433784"]

1. c4 e5 2. Nc3 Nf6 3. Nf3 Nc6 4. d4 exd4 5. Nxd4 Bb4 6. Nc2 Bc5 7. Be3 Bxe3 8. Nxe3 O-O 9. g3 d6 10. Bg2 h5 11. a3 Ne5 12. Qd4 Nfg4 13. Nxg4 hxg4 14. O-O Bd7 15. Rad1 Bc6 16. Bxc6 bxc6 17. c5 Qg5 18. cxd6 cxd6 19. Ne4 Qh5 20. Nxd6 Rae8 21. Nxe8 Rxe8 22. Qf4 Re6 23. f3 Qh3 24. Rd8+ Kh7 25. Qf5+ g6 26. Qf4 gxf3 27. exf3 Kg7 28. Rdd1 f6 29. Qb4 g5 30. f4 Ng4 31. Rd7+ Kh6 32. Qf8+ Kh5 33. Qf7+  1-0

[Event "Kandidatklassen"]
[Site "Svendborg"]
[Date "2019.04.22"]
[Round "7"]
[White "Christensen, Lars"]
[Black "Thybo, Thomas Sondergaard"]
[Result "0-1"]
[WhiteElo "2042"]
[BlackElo "2136"]
[EventDate "2019.04.16"]
[EventRounds "7"]
[EventCountry "DEN"]
[WhiteFideId "1423240"]
[BlackFideId "1441299"]

1. d4 d6 2. e4 g6 3. Be3 Bg7 4. c3 a6 5. Bd3 Nf6 6. f3 Nc6 7. Ne2 e5 8. a3 O-O 9. Nd2 d5 10. O-O Re8 11. dxe5 Nxe5 12. Bc2 Bd7 13. Bd4 Qe7 14. Ng3 c5 15. Bf2 Rad8 16. b4 d4 17. cxd4 cxd4 18. Bxd4 Bb5 19. Bc5 Qc7 20. Rf2 Bh6 21. Ngf1 Bxf1 22. f4 Neg4 23. Rxf1 Bxf4 24. h3 Be3+  0-1

[Event "Kandidatklassen"]
[Site "Svendborg"]
[Date "2019.04.22"]
[Round "7"]
[White "Stolberg-Rohr, Thomine"]
[Black "Thorsbro, Peter"]
[Result "0-1"]
[WhiteElo "2039"]
[BlackElo "2116"]
[EventDate "2019.04.16"]
[EventRounds "7"]
[EventCountry "DEN"]
[WhiteFideId "1504258"]
[BlackFideId "1406671"]

1. e4 e5 2. Nf3 Nc6 3. Bb5 a6 4. Ba4 Nf6 5. O-O b5 6. Bb3 Be7 7. d3 d6 8. a3 O-O 9. Nc3 Bg4 10. Be3 Qd7 11. h3 Bh5 12. Nd5 Nxd5 13. Bxd5 Bg6 14. d4 Rad8 15. Qe2 exd4 16. Nxd4 Nxd4 17. Bxd4 Rfe8 18. Rad1 c6 19. Ba2 Qc7 20. Qg4 Bf8 21. f3 d5 22. h4 h5 23. Qg5 Be7 24. Be5 Qb6+ 25. Bd4 c5  0-1

[Event "Kandidatklassen"]
[Site "Svendborg"]
[Date "2019.04.22"]
[Round "7"]
[White "Lilja, Richard"]
[Black "Jorgensen, Brian Jorgen"]
[Result "1/2-1/2"]
[WhiteElo "2065"]
[BlackElo "2261"]
[EventDate "2019.04.16"]
[EventRounds "7"]
[EventCountry "DEN"]
[WhiteFideId "1403109"]
[BlackFideId "1401548"]

1. e4 e6 2. d3 d5 3. Nd2 c5 4. Ngf3 Nc6 5. g3 g6 6. Bg2 Bg7 7. O-O Nge7 8. Re1 b6 9. exd5 Nxd5 10. h4 h6 11. Nc4 Qc7 12. a4 O-O 13. h5 g5 14. Qe2 f6 15. c3 Rd8 16. Bh3 e5 17. Bxc8 Raxc8 18. Bd2 Qd7 19. Rad1 Qg4 20. Nh2 Qxe2 21. Rxe2 Nc7 22. Bc1 Rd7 23. Ne3 Rcd8 24. Red2 Na5 25. b4 Nb3 26. Rb2 Nxc1 27. Rxc1 Ne6 28. a5 Rxd3 29. bxc5 bxc5 30. Nhg4 R8d7 31. Nf5 Kh7 32. Kg2 Rc7 33. Rb8 c4 34. Nfxh6 Nc5 35. Nf5 Nb3 36. Rh1 Bh8 37. Rf8 Rxc3 38. Nxf6+ Bxf6 39. Rxf6 Rd3 40. Rh6+ Kg8 41. Rg6+ Kh7 42. Rh6+  1/2-1/2